| 000 | 00631nam a2200193 a 4500 | ||
|---|---|---|---|
| 005 | 20240910064052.0 | ||
| 008 | 991125s1987 mx 000 0 spa u | ||
| 020 | _a9684961189 | ||
| 035 | _aUPN01000001450 | ||
| 049 | _aSEP | ||
| 050 | 4 |
_aHN5 _bC23 no.150 |
|
| 100 | 1 |
_aMenéndez, Eduardo L. _929305 |
|
| 245 | 1 | 0 |
_aAlcoholismo II : _bla alcoholización, un proceso olvidado-- patología, integración funcional o representación cultural / _cEduardo L. Menéndez. |
| 260 |
_aMéxico : _bCIESAS : _bSEP, _c1987. |
||
| 300 | _a143 p. | ||
| 440 | 0 |
_aCuadernos de la casa chata ; _v150 |
|
| 650 | 4 |
_aAlcoholismo _92121 |
|
| 905 | _aLibro | ||
| 999 |
_c1450 _d1450 |
||